[Event "Bundesliga 9798"]
[Site "Deutschland"]
[Date "1998.??.??"]
[Round "?.1"]
[White "Van der Sterren, Paul"]
[Black "Schlosser, Philipp"]
[Result "1-0"]
[WhiteElo "2555"]
[BlackElo "2550"]
[PlyCount "71"]
[EventDate "1997.10.??"]
[EventType "team"]
[EventRounds "15"]
[EventCountry "GER"]
[SourceTitle "Bundesliga 9798"]
[Source "DeepChess"]
[SourceDate "2005.01.01"]
[SourceVersion "1"]
[SourceVersionDate "2005.01.01"]
[SourceQuality "1"]
[WhiteTeam "SV Castrop Rauxel 1923"]
[BlackTeam "SK Passau 1869"]
[WhiteTeamCountry "GER"]
[BlackTeamCountry "GER"]

1. c4 Nf6 2. Nf3 e6 3. g3 d5 4. Bg2 dxc4 5. Qa4+ Nbd7 6. Qxc4 c5 7. d3 Bd6 8.
Nc3 a6 9. Qb3 Rb8 10. Nd2 O-O 11. O-O b6 12. Nc4 Bc7 13. a4 Ne5 14. h3 b5 15.
axb5 axb5 16. Nxe5 Bxe5 17. Be3 Qb6 18. Rfc1 Bd7 19. Na2 Bd4 20. Bxd4 cxd4 21.
Nb4 Rbc8 22. Qa3 e5 23. Qa6 Qxa6 24. Nxa6 Rxc1+ 25. Rxc1 Rc8 26. Rc5 Rxc5 27.
Nxc5 Kf8 28. Nxd7+ Nxd7 29. Bc6 Nb6 30. Bxb5 Nd5 31. Bc4 Nb4 32. Kg2 Ke7 33.
Kf3 f5 34. g4 Kf6 35. gxf5 Kxf5 36. Bb5 1-0

[Event "Bundesliga 9798"]
[Site "Deutschland"]
[Date "1998.??.??"]
[Round "?.3"]
[White "Watson, William N"]
[Black "Smejkal, Jan"]
[Result "1/2-1/2"]
[WhiteElo "2535"]
[BlackElo "2525"]
[PlyCount "37"]
[EventDate "1997.10.??"]
[EventType "team"]
[EventRounds "15"]
[EventCountry "GER"]
[SourceTitle "Bundesliga 9798"]
[Source "DeepChess"]
[SourceDate "2005.01.01"]
[SourceVersion "1"]
[SourceVersionDate "2005.01.01"]
[SourceQuality "1"]
[WhiteTeam "SV Castrop Rauxel 1923"]
[BlackTeam "SK Passau 1869"]
[WhiteTeamCountry "GER"]
[BlackTeamCountry "GER"]

1. e4 e5 2. Nc3 Nc6 3. Bc4 Nf6 4. d3 Bc5 5. f4 d6 6. Nf3 a6 7. Rf1 exf4 8. Bxf4
Be6 9. Bg5 Bxc4 10. dxc4 h6 11. Bh4 Qd7 12. Bxf6 gxf6 13. Nd5 O-O-O 14. Nh4 Qe6
15. Qd3 Qe5 16. O-O-O Qxh2 17. g3 Ne5 18. Qc3 Qe2 19. b3 1/2-1/2

[Event "Bundesliga 9798"]
[Site "Deutschland"]
[Date "1998.??.??"]
[Round "?.6"]
[White "Schmidt, Peter"]
[Black "Brendel, Oliver"]
[Result "1/2-1/2"]
[WhiteElo "2410"]
[BlackElo "2425"]
[PlyCount "33"]
[EventDate "1997.10.??"]
[EventType "team"]
[EventRounds "15"]
[EventCountry "GER"]
[SourceTitle "Bundesliga 9798"]
[Source "DeepChess"]
[SourceDate "2005.01.01"]
[SourceVersion "1"]
[SourceVersionDate "2005.01.01"]
[SourceQuality "1"]
[WhiteTeam "SK Passau 1869"]
[BlackTeam "SV Castrop Rauxel 1923"]
[WhiteTeamCountry "GER"]
[BlackTeamCountry "GER"]

1. e4 c5 2. Nf3 Nc6 3. Bb5 Nf6 4. Nc3 Nd4 5. e5 Nxb5 6. Nxb5 Nd5 7. Ng5 f6 8.
exf6 Nxf6 9. O-O e6 10. d4 Qb6 11. c4 a6 12. dxc5 Bxc5 13. Nc3 Qc6 14. Nce4 O-O
15. Qd3 Nxe4 16. Nxe4 b5 17. cxb5 1/2-1/2

[Event "Bundesliga 9798"]
[Site "Deutschland"]
[Date "1998.??.??"]
[Round "?.7"]
[White "Hennig, Dirk"]
[Black "Gross, David2"]
[Result "0-1"]
[WhiteElo "2435"]
[BlackElo "2305"]
[PlyCount "74"]
[EventDate "1997.10.??"]
[EventType "team"]
[EventRounds "15"]
[EventCountry "GER"]
[SourceTitle "Bundesliga 9798"]
[Source "DeepChess"]
[SourceDate "2005.01.01"]
[SourceVersion "1"]
[SourceVersionDate "2005.01.01"]
[SourceQuality "1"]
[WhiteTeam "SV Castrop Rauxel 1923"]
[BlackTeam "SK Passau 1869"]
[WhiteTeamCountry "GER"]
[BlackTeamCountry "GER"]

1. e4 c5 2. Nf3 d6 3. Nc3 Nc6 4. g3 g6 5. Bg2 Bg7 6. O-O Nf6 7. d3 Bg4 8. h3
Bxf3 9. Bxf3 O-O 10. Bg2 Rb8 11. f4 Nd7 12. Nd5 b5 13. Ne3 b4 14. g4 a5 15. Rb1
a4 16. g5 Nd4 17. Bd2 Nb5 18. h4 a3 19. b3 e6 20. h5 Bd4 21. Qg4 Nc3 22. Ra1 f5
23. gxf6 Qxf6 24. Kh1 Nxe4 25. dxe4 Bxa1 26. e5 dxe5 27. f5 exf5 28. Nxf5 Kh8
29. Nh6 gxh5 30. Qxh5 Qxf1+ 31. Bxf1 Rxf1+ 32. Kg2 Rbf8 33. Be3 Bd4 34. Bxd4
cxd4 35. Ng4 R1f5 36. Qh4 Rg8 37. Kh2 Rf4 0-1

[Event "Bundesliga 9798"]
[Site "Deutschland"]
[Date "1998.??.??"]
[Round "?.8"]
[White "Goetz, Ralph"]
[Black "Hermesmann, Hans"]
[Result "1-0"]
[WhiteElo "2295"]
[BlackElo "2280"]
[PlyCount "75"]
[EventDate "1997.10.??"]
[EventType "team"]
[EventRounds "15"]
[EventCountry "GER"]
[SourceTitle "Bundesliga 9798"]
[Source "DeepChess"]
[SourceDate "2005.01.01"]
[SourceVersion "1"]
[SourceVersionDate "2005.01.01"]
[SourceQuality "1"]
[WhiteTeam "SK Passau 1869"]
[BlackTeam "SV Castrop Rauxel 1923"]
[WhiteTeamCountry "GER"]
[BlackTeamCountry "GER"]

1. e4 g6 2. d4 Bg7 3. c3 d6 4. Nf3 Nf6 5. Bd3 O-O 6. O-O c5 7. h3 cxd4 8. cxd4
Nc6 9. Nc3 e5 10. Be3 Ng4 11. hxg4 exd4 12. Nxd4 Nxd4 13. g5 Be6 14. Rc1 a6 15.
Qd2 Re8 16. Rfd1 Bg4 17. Re1 Qd7 18. f3 Be6 19. Bf1 Nc6 20. Na4 Qe7 21. Nb6
Bxa2 22. Nxa8 Rxa8 23. Bc4 Bxc4 24. Rxc4 Re8 25. b3 Qe5 26. Rd1 Qb5 27. Qc2 Nb4
28. Qd2 Nc6 29. Qa2 Qe5 30. Rd5 Qe6 31. Qd2 Bf8 32. Bf4 Ne5 33. Rc7 b5 34. Qa5
f6 35. Qxa6 fxg5 36. Bxe5 dxe5 37. Qxe6+ Rxe6 38. Rxb5 1-0

[Event "Bundesliga 9798"]
[Site "Deutschland"]
[Date "1998.??.??"]
[Round "?.1"]
[White "Poldauf, Dirk"]
[Black "Schlosser, Philipp"]
[Result "1/2-1/2"]
[WhiteElo "2455"]
[BlackElo "2550"]
[PlyCount "62"]
[EventDate "1997.10.??"]
[EventType "team"]
[EventRounds "15"]
[EventCountry "GER"]
[SourceTitle "Bundesliga 9798"]
[Source "DeepChess"]
[SourceDate "2005.01.01"]
[SourceVersion "1"]
[SourceVersionDate "2005.01.01"]
[SourceQuality "1"]
[WhiteTeam "SV Empor Berlin e.V."]
[BlackTeam "SK Passau 1869"]
[WhiteTeamCountry "GER"]
[BlackTeamCountry "GER"]

1. c4 e6 2. g3 d5 3. Bg2 dxc4 4. Qa4+ Nd7 5. Qxc4 c5 6. Qb3 Rb8 7. a4 b6 8. Nf3
Bb7 9. O-O Ngf6 10. d3 Bd6 11. Na3 a6 12. Nc4 Bc7 13. Bd2 O-O 14. Qc2 Qe7 15.
e4 Rfc8 16. Qb1 b5 17. axb5 axb5 18. Na5 Ba8 19. Re1 Bb6 20. b4 c4 21. d4 c3
22. Bf4 Bxe4 23. Rxe4 c2 24. Qe1 Nxe4 25. Qxe4 Qxb4 26. Nc6 Rxc6 27. Qxc6 Qb1+
28. Rxb1 cxb1=Q+ 29. Bf1 Rd8 30. Bc7 Bxc7 31. Qxc7 Rf8 1/2-1/2

[Event "Bundesliga 9798"]
[Site "Deutschland"]
[Date "1998.??.??"]
[Round "?.2"]
[White "Ribli, Zoltan"]
[Black "Volke, Karsten"]
[Result "1-0"]
[WhiteElo "2570"]
[BlackElo "2455"]
[PlyCount "95"]
[EventDate "1997.10.??"]
[EventType "team"]
[EventRounds "15"]
[EventCountry "GER"]
[SourceTitle "Bundesliga 9798"]
[Source "DeepChess"]
[SourceDate "2005.01.01"]
[SourceVersion "1"]
[SourceVersionDate "2005.01.01"]
[SourceQuality "1"]
[WhiteTeam "SK Passau 1869"]
[BlackTeam "SV Empor Berlin e.V."]
[WhiteTeamCountry "GER"]
[BlackTeamCountry "GER"]

1. Nf3 Nf6 2. g3 g6 3. b3 Bg7 4. Bb2 O-O 5. Bg2 c5 6. c4 d6 7. d4 Qa5+ 8. Bc3
Qc7 9. Nbd2 Bf5 10. d5 b5 11. O-O bxc4 12. bxc4 Qc8 13. Re1 Bh3 14. Bxh3 Qxh3
15. Rb1 Nbd7 16. Qc2 Nb6 17. a4 Qg4 18. a5 Nxc4 19. Bxf6 Na3 20. Qd3 Nxb1 21.
Bxg7 Kxg7 22. Rxb1 Rab8 23. e4 Rxb1+ 24. Qxb1 Qd7 25. Qb2+ Kg8 26. Kg2 Qc7 27.
Qc3 Qb7 28. Nc4 Rb8 29. Nfd2 Rd8 30. Qa1 Qb4 31. e5 dxe5 32. Qxe5 Qb7 33. Ne3
Rd7 34. Ne4 Rc7 35. a6 Qc8 36. d6 exd6 37. Nf6+ Kh8 38. Qb2 c4 39. Qd4 c3 40.
Ne8+ f6 41. Qxf6+ Kg8 42. Nxc7 Qxc7 43. Nd5 Qc6 44. Qf3 Qxa6 45. Ne7+ Kg7 46.
Qxc3+ Kf7 47. Nd5 Kg8 48. Qc7 1-0

[Event "Bundesliga 9798"]
[Site "Deutschland"]
[Date "1998.??.??"]
[Round "?.3"]
[White "Hetey, Laszlo"]
[Black "Smejkal, Jan"]
[Result "0-1"]
[WhiteElo "2345"]
[BlackElo "2525"]
[PlyCount "104"]
[EventDate "1997.10.??"]
[EventType "team"]
[EventRounds "15"]
[EventCountry "GER"]
[SourceTitle "Bundesliga 9798"]
[Source "DeepChess"]
[SourceDate "2005.01.01"]
[SourceVersion "1"]
[SourceVersionDate "2005.01.01"]
[SourceQuality "1"]
[WhiteTeam "SV Empor Berlin e.V."]
[BlackTeam "SK Passau 1869"]
[WhiteTeamCountry "GER"]
[BlackTeamCountry "GER"]

1. d4 d6 2. c4 e5 3. Nf3 e4 4. Ng5 f5 5. g3 Be7 6. Nh3 Nf6 7. Bg2 d5 8. cxd5
Nxd5 9. Nc3 Nc6 10. O-O O-O 11. Nxd5 Qxd5 12. e3 Kh8 13. Nf4 Qf7 14. a3 Bd6 15.
Ne2 Be6 16. b4 Ne7 17. Bb2 Nd5 18. Nc3 a5 19. Nxd5 Bxd5 20. Bc3 a4 21. Qd2 Qd7
22. Rfb1 b5 23. Rf1 Rae8 24. Rac1 Rf7 25. Bb2 h6 26. Rc3 Kh7 27. Qd1 Re6 28.
Qc2 Kg8 29. Qd1 Re8 30. Qh5 Qe6 31. Rfc1 Kh7 32. Qe2 Qd7 33. Bf1 Rb8 34. Bg2
Qe6 35. R1c2 Qd7 36. Rc1 Re8 37. Bf1 c6 38. Bg2 Re6 39. Qc2 Be7 40. Rf1 Bd6 41.
Bc1 h5 42. f3 h4 43. g4 h3 44. Bxh3 Rh6 45. g5 Rxh3 46. g6+ Kh8 47. gxf7 exf3
48. Rf2 Qxf7 49. Rxc6 Bxc6 50. Qxc6 Bxh2+ 51. Kf1 Qh5 52. e4 Bg3 0-1

[Event "Bundesliga 9798"]
[Site "Deutschland"]
[Date "1998.??.??"]
[Round "?.4"]
[White "Wells, Peter K"]
[Black "Thinius, Marco"]
[Result "1/2-1/2"]
[WhiteElo "2530"]
[BlackElo "2310"]
[PlyCount "90"]
[EventDate "1997.10.??"]
[EventType "team"]
[EventRounds "15"]
[EventCountry "GER"]
[SourceTitle "Bundesliga 9798"]
[Source "DeepChess"]
[SourceDate "2005.01.01"]
[SourceVersion "1"]
[SourceVersionDate "2005.01.01"]
[SourceQuality "1"]
[WhiteTeam "SK Passau 1869"]
[BlackTeam "SV Empor Berlin e.V."]
[WhiteTeamCountry "GER"]
[BlackTeamCountry "GER"]

1. d4 Nf6 2. c4 e6 3. Nf3 Bb4+ 4. Nc3 b6 5. Qb3 c5 6. a3 Ba5 7. Bg5 Bb7 8. Rd1
O-O 9. e3 Bxc3+ 10. bxc3 h6 11. Bh4 Qe7 12. Be2 d6 13. O-O Nc6 14. Nd2 Na5 15.
Qb1 Rac8 16. e4 e5 17. d5 Rb8 18. Rfe1 Ba6 19. Nf1 g5 20. Bg3 Nxc4 21. Qa2 Nxe4
22. Bxc4 Nxc3 23. Qc2 Bxc4 24. Qxc3 Bxf1 25. Kxf1 f5 26. f4 e4 27. h3 Rbe8 28.
Kg1 Kh7 29. Re2 Rg8 30. Rf1 g4 31. h4 Qg7 32. Qxg7+ Kxg7 33. Rb1 Rc8 34. Rc2
Rc7 35. a4 Rgc8 36. Bf2 Kf7 37. Kf1 Rb7 38. Rcb2 Ke7 39. Ke2 h5 40. Kd2 Kd7 41.
Kc3 Rcb8 42. Kc4 a6 43. Be1 Kc7 44. Rxb6 Rxb6 45. Ba5 R8b7 1/2-1/2

[Event "Bundesliga 9798"]
[Site "Deutschland"]
[Date "1998.??.??"]
[Round "?.5"]
[White "Richter, Michael"]
[Black "Pichler, Juergen"]
[Result "1-0"]
[WhiteElo "2370"]
[BlackElo "2395"]
[PlyCount "95"]
[EventDate "1997.10.??"]
[EventType "team"]
[EventRounds "15"]
[EventCountry "GER"]
[SourceTitle "Bundesliga 9798"]
[Source "DeepChess"]
[SourceDate "2005.01.01"]
[SourceVersion "1"]
[SourceVersionDate "2005.01.01"]
[SourceQuality "1"]
[WhiteTeam "SV Empor Berlin e.V."]
[BlackTeam "SK Passau 1869"]
[WhiteTeamCountry "GER"]
[BlackTeamCountry "GER"]

1. d4 d5 2. c4 c6 3. Nf3 Nf6 4. Qc2 e6 5. Nbd2 a5 6. e4 dxe4 7. Nxe4 Nbd7 8.
Bd3 Bb4+ 9. Bd2 Nxe4 10. Bxe4 Nf6 11. Bxb4 axb4 12. O-O O-O 13. Rfe1 Qc7 14. c5
Rd8 15. Qb3 Qa5 16. Bc2 Qb5 17. Rad1 b6 18. Ne5 bxc5 19. Bd3 c4 20. Bxc4 Qb6
21. Qe3 Bd7 22. g4 Be8 23. g5 Nd7 24. Nd3 Qa5 25. h4 Rab8 26. Nf4 Nb6 27. Bb3
Nd5 28. Nxd5 cxd5 29. Rc1 Rbc8 30. Rxc8 Rxc8 31. Rc1 Ra8 32. Rc5 Qd8 33. Qe5
Ba4 34. Bxa4 Rxa4 35. Rb5 Ra8 36. h5 h6 37. g6 Qe8 38. Rb7 f6 39. Qc7 Qf8 40.
Qc6 Re8 41. Rc7 Kh8 42. Rf7 Qg8 43. Qd7 Ra8 44. Qxe6 Rxa2 45. Re7 Ra8 46. Qf7
f5 47. Kg2 b3 48. Qxf5 1-0

[Event "Bundesliga 9798"]
[Site "Deutschland"]
[Date "1998.??.??"]
[Round "?.6"]
[White "Klebel, Martin"]
[Black "Apel, Stefan"]
[Result "0-1"]
[WhiteElo "2410"]
[BlackElo "2305"]
[PlyCount "72"]
[EventDate "1997.10.??"]
[EventType "team"]
[EventRounds "15"]
[EventCountry "GER"]
[SourceTitle "Bundesliga 9798"]
[Source "DeepChess"]
[SourceDate "2005.01.01"]
[SourceVersion "1"]
[SourceVersionDate "2005.01.01"]
[SourceQuality "1"]
[WhiteTeam "SK Passau 1869"]
[BlackTeam "SV Empor Berlin e.V."]
[WhiteTeamCountry "GER"]
[BlackTeamCountry "GER"]

1. d4 Nf6 2. Nf3 e6 3. c4 b6 4. a3 Bb7 5. Nc3 Ne4 6. Nxe4 Bxe4 7. e3 g6 8. Bd3
Bxd3 9. Qxd3 Bg7 10. e4 d6 11. Bg5 Qd7 12. Rd1 Nc6 13. O-O O-O 14. b4 h6 15.
Be3 Rfe8 16. d5 Nd8 17. c5 bxc5 18. bxc5 dxc5 19. Bxc5 Nb7 20. Bd4 Bxd4 21.
Qxd4 exd5 22. exd5 Qd6 23. Rc1 Re7 24. a4 Rd8 25. Rfd1 Qb6 26. Qf4 g5 27. Qg4
Nc5 28. h4 Ne4 29. Rd4 Qg6 30. hxg5 hxg5 31. Rc6 Rd6 32. Rxd6 cxd6 33. Rd1 f5
34. Qh3 Rh7 35. Nh4 Rxh4 36. Qb3 Qh5 0-1

[Event "Bundesliga 9798"]
[Site "Deutschland"]
[Date "1998.??.??"]
[Round "?.7"]
[White "Kleeschaetzky, Ralf"]
[Black "Schmidt, Peter"]
[Result "1/2-1/2"]
[WhiteElo "2265"]
[BlackElo "2410"]
[PlyCount "68"]
[EventDate "1997.10.??"]
[EventType "team"]
[EventRounds "15"]
[EventCountry "GER"]
[SourceTitle "Bundesliga 9798"]
[Source "DeepChess"]
[SourceDate "2005.01.01"]
[SourceVersion "1"]
[SourceVersionDate "2005.01.01"]
[SourceQuality "1"]
[WhiteTeam "SV Empor Berlin e.V."]
[BlackTeam "SK Passau 1869"]
[WhiteTeamCountry "GER"]
[BlackTeamCountry "GER"]

1. Nf3 Nf6 2. c4 g6 3. Nc3 Bg7 4. e4 d6 5. d4 O-O 6. Be2 e5 7. O-O Na6 8. Be3
Ng4 9. Bg5 Qe8 10. h3 h6 11. Bc1 exd4 12. Nxd4 Nf6 13. Bf3 Nh7 14. h4 Qe7 15.
g3 Bh3 16. Re1 c6 17. Be3 Nf6 18. Qd2 Kh7 19. Bf4 Rad8 20. Rad1 Ng4 21. b3 Nc5
22. Qe2 Ne5 23. Bg2 Bg4 24. f3 Bc8 25. Be3 a5 26. Qc2 Qc7 27. Bf2 Ne6 28. Na4
Nxd4 29. Bxd4 c5 30. Bf2 f5 31. f4 Ng4 32. Nc3 Nxf2 33. Kxf2 Bd4+ 34. Kf1 Bg7
1/2-1/2

[Event "Bundesliga 9798"]
[Site "Deutschland"]
[Date "1998.??.??"]
[Round "?.8"]
[White "Schlingensiepen, Christian"]
[Black "Kimpinsky, Frank"]
[Result "1-0"]
[WhiteElo "2300"]
[BlackElo "2270"]
[PlyCount "117"]
[EventDate "1997.10.??"]
[EventType "team"]
[EventRounds "15"]
[EventCountry "GER"]
[SourceTitle "Bundesliga 9798"]
[Source "DeepChess"]
[SourceDate "2005.01.01"]
[SourceVersion "1"]
[SourceVersionDate "2005.01.01"]
[SourceQuality "1"]
[WhiteTeam "SK Passau 1869"]
[BlackTeam "SV Empor Berlin e.V."]
[WhiteTeamCountry "GER"]
[BlackTeamCountry "GER"]

1. e4 c5 2. Nc3 d6 3. g3 Nc6 4. Bg2 g6 5. d3 Bg7 6. Be3 b6 7. Qd2 Ba6 8. Nge2
Rc8 9. O-O e6 10. f4 f5 11. exf5 exf5 12. d4 Nf6 13. d5 Ne7 14. Kh1 O-O 15. a4
Rc7 16. Rfe1 Nc8 17. Ng1 Re7 18. Nf3 h6 19. h3 Kh7 20. Nh2 Qd7 21. Rg1 Rfe8 22.
Rae1 Nh5 23. Bf3 Bd4 24. Nd1 Qxa4 25. Bxh5 gxh5 26. b3 Qa1 27. Nf3 Bf6 28. c3
Rg7 29. Qc2 Ne7 30. Bd2 Bc8 31. Ne3 Qa6 32. g4 hxg4 33. hxg4 Kh8 34. g5 hxg5
35. fxg5 Rh7+ 36. Kg2 Rg8 37. Kf2 Be5 38. Nc4 Qb7 39. Ncxe5 dxe5 40. Rxe5 Nxd5
41. c4 Nb4 42. Qc3 Qg7 43. Re7 Na2 44. Rxg7 Nxc3 45. Rxh7+ Kxh7 46. Bxc3 f4 47.
Ne5 Bf5 48. Kf3 Bc2 49. Kxf4 Rf8+ 50. Kg4 Rf2 51. Rh1+ Kg8 52. g6 Be4 53. Rd1
Rg2+ 54. Kh3 Rc2 55. Ba1 Ra2 56. Kg3 Rg2+ 57. Kf4 Bxg6 58. Rd8+ Kh7 59. Nxg6
1-0

[Event "Bundesliga 9798"]
[Site "Deutschland"]
[Date "1998.??.??"]
[Round "?.1"]
[White "Schlosser, Philipp"]
[Black "Votava, Jan"]
[Result "1-0"]
[WhiteElo "2550"]
[BlackElo "2515"]
[PlyCount "91"]
[EventDate "1997.10.??"]
[EventType "team"]
[EventRounds "15"]
[EventCountry "GER"]
[SourceTitle "Bundesliga 9798"]
[Source "DeepChess"]
[SourceDate "2005.01.01"]
[SourceVersion "1"]
[SourceVersionDate "2005.01.01"]
[SourceQuality "1"]
[WhiteTeam "SK Passau 1869"]
[BlackTeam "SV Erfurt West 90"]
[WhiteTeamCountry "GER"]
[BlackTeamCountry "GER"]

1. d4 Nf6 2. c4 e6 3. Nf3 b6 4. g3 Ba6 5. b3 Bb4+ 6. Bd2 Be7 7. Bg2 c6 8. Bc3
d5 9. Nbd2 O-O 10. O-O Nbd7 11. Re1 Bb7 12. e4 dxe4 13. Nxe4 Qc7 14. Ned2 Rfe8
15. b4 Rad8 16. Qc2 Bf8 17. Nb3 g6 18. a3 Bg7 19. Re2 h6 20. Rae1 Nh7 21. Bd2
Nhf8 22. Qc1 Kh7 23. Re4 Nf6 24. Rh4 Ng8 25. c5 f6 26. Rhe4 Qf7 27. Bf1 Ne7 28.
Bc4 Bc8 29. Qc2 Nf5 30. Nc1 Ne7 31. Nd3 Kg8 32. h4 b5 33. Bb3 Nd5 34. Kg2 Kh8
35. Nf4 e5 36. dxe5 Bf5 37. exf6 Qxf6 38. Nxd5 cxd5 39. Rxe8 Bxc2 40. Bxc2 Rxe8
41. Rxe8 d4 42. Ne5 Kg8 43. Be4 g5 44. hxg5 hxg5 45. Bd5+ Kh7 46. Nf7 1-0

[Event "Bundesliga 9798"]
[Site "Deutschland"]
[Date "1998.??.??"]
[Round "?.2"]
[White "Casper, Thomas"]
[Black "Ribli, Zoltan"]
[Result "1/2-1/2"]
[WhiteElo "2415"]
[BlackElo "2570"]
[PlyCount "37"]
[EventDate "1997.10.??"]
[EventType "team"]
[EventRounds "15"]
[EventCountry "GER"]
[SourceTitle "Bundesliga 9798"]
[Source "DeepChess"]
[SourceDate "2005.01.01"]
[SourceVersion "1"]
[SourceVersionDate "2005.01.01"]
[SourceQuality "1"]
[WhiteTeam "SV Erfurt West 90"]
[BlackTeam "SK Passau 1869"]
[WhiteTeamCountry "GER"]
[BlackTeamCountry "GER"]

1. e4 d6 2. d4 Nf6 3. Nc3 g6 4. h3 Bg7 5. Nf3 O-O 6. Be2 c5 7. dxc5 Qa5 8. cxd6
Nxe4 9. dxe7 Re8 10. O-O Nxc3 11. bxc3 Nc6 12. Bd2 Bxc3 13. Bc4 Bxd2 14. Qxd2
Qxd2 15. Nxd2 Rxe7 16. Rfe1 Bf5 17. Rxe7 Nxe7 18. Bb3 Rc8 19. Nc4 1/2-1/2

[Event "Bundesliga 9798"]
[Site "Deutschland"]
[Date "1998.??.??"]
[Round "?.4"]
[White "Mueller, Matthias"]
[Black "Wells, Peter K"]
[Result "0-1"]
[WhiteElo "2400"]
[BlackElo "2530"]
[PlyCount "74"]
[EventDate "1997.10.??"]
[EventType "team"]
[EventRounds "15"]
[EventCountry "GER"]
[SourceTitle "Bundesliga 9798"]
[Source "DeepChess"]
[SourceDate "2005.01.01"]
[SourceVersion "1"]
[SourceVersionDate "2005.01.01"]
[SourceQuality "1"]
[WhiteTeam "SV Erfurt West 90"]
[BlackTeam "SK Passau 1869"]
[WhiteTeamCountry "GER"]
[BlackTeamCountry "GER"]

1. e4 e5 2. Nf3 Nc6 3. d4 exd4 4. Nxd4 Nf6 5. Nxc6 bxc6 6. e5 Qe7 7. Qe2 Nd5 8.
c4 Nb6 9. Nd2 d6 10. exd6 cxd6 11. b3 Bg4 12. Qxe7+ Bxe7 13. Bb2 O-O 14. Bd3 d5
15. f3 Be6 16. O-O Rfd8 17. Rfd1 a5 18. Bf1 a4 19. cxd5 Bc5+ 20. Kh1 cxd5 21.
Bd3 Be3 22. Nf1 d4 23. Be4 Rac8 24. Rd3 f5 25. Bb7 Rc2 26. Nxe3 Rxb2 27. Nd1
Rc2 28. f4 h6 29. Kg1 Re8 30. Nf2 Bd5 31. Ba6 Rxa2 32. Rb1 axb3 33. Rdd1 Rxa6
34. Nd3 Ra4 35. Nc5 Rb4 36. Nd3 Rb5 37. Ne5 Nc4 0-1

[Event "Bundesliga 9798"]
[Site "Deutschland"]
[Date "1998.??.??"]
[Round "?.5"]
[White "Pichler, Juergen"]
[Black "Renner, Christoph"]
[Result "1/2-1/2"]
[WhiteElo "2395"]
[BlackElo "2415"]
[PlyCount "27"]
[EventDate "1997.10.??"]
[EventType "team"]
[EventRounds "15"]
[EventCountry "GER"]
[SourceTitle "Bundesliga 9798"]
[Source "DeepChess"]
[SourceDate "2005.01.01"]
[SourceVersion "1"]
[SourceVersionDate "2005.01.01"]
[SourceQuality "1"]
[WhiteTeam "SK Passau 1869"]
[BlackTeam "SV Erfurt West 90"]
[WhiteTeamCountry "GER"]
[BlackTeamCountry "GER"]

1. d4 f5 2. g3 Nf6 3. Bg2 d6 4. Nf3 g6 5. b3 Bg7 6. Bb2 O-O 7. O-O a5 8. Nbd2
a4 9. c4 c6 10. Qc2 Na6 11. Bc3 d5 12. Ne5 Be6 13. Rad1 Qc7 14. c5 1/2-1/2

[Event "Bundesliga 9798"]
[Site "Deutschland"]
[Date "1998.??.??"]
[Round "?.7"]
[White "Schmidt, Peter"]
[Black "Fuhrmann, Daniel"]
[Result "1-0"]
[WhiteElo "2410"]
[BlackElo "2295"]
[PlyCount "63"]
[EventDate "1997.10.??"]
[EventType "team"]
[EventRounds "15"]
[EventCountry "GER"]
[SourceTitle "Bundesliga 9798"]
[Source "DeepChess"]
[SourceDate "2005.01.01"]
[SourceVersion "1"]
[SourceVersionDate "2005.01.01"]
[SourceQuality "1"]
[WhiteTeam "SK Passau 1869"]
[BlackTeam "SV Erfurt West 90"]
[WhiteTeamCountry "GER"]
[BlackTeamCountry "GER"]

1. d4 d5 2. c4 e6 3. Nf3 Nf6 4. Nc3 Be7 5. Bg5 O-O 6. e3 Nbd7 7. Qc2 Re8 8. Rd1
c6 9. a3 b6 10. Bd3 Bb7 11. O-O dxc4 12. Bxc4 Nd5 13. Bf4 Nxf4 14. exf4 Bd6 15.
f5 Nf8 16. Ne4 h6 17. Ne5 Qc7 18. f4 Rad8 19. f6 c5 20. fxg7 Kxg7 21. Nxd6 Rxd6
22. f5 Rxd4 23. f6+ Kg8 24. Rxd4 cxd4 25. Qe2 Nh7 26. Qh5 d3 27. Qxh6 Qc5+ 28.
Kh1 Qf8 29. Qh4 Kh8 30. Bxd3 Qg8 31. Ng6+ fxg6 32. f7 1-0

[Event "Bundesliga 9798"]
[Site "Deutschland"]
[Date "1998.??.??"]
[Round "?.8"]
[White "Voekler, Bernd"]
[Black "Schlingensiepen, Christian"]
[Result "1-0"]
[WhiteElo "2395"]
[BlackElo "2300"]
[PlyCount "83"]
[EventDate "1997.10.??"]
[EventType "team"]
[EventRounds "15"]
[EventCountry "GER"]
[SourceTitle "Bundesliga 9798"]
[Source "DeepChess"]
[SourceDate "2005.01.01"]
[SourceVersion "1"]
[SourceVersionDate "2005.01.01"]
[SourceQuality "1"]
[WhiteTeam "SV Erfurt West 90"]
[BlackTeam "SK Passau 1869"]
[WhiteTeamCountry "GER"]
[BlackTeamCountry "GER"]

1. e4 e5 2. Nf3 Nc6 3. Bb5 f5 4. d3 fxe4 5. dxe4 Nf6 6. Bg5 Bb4+ 7. c3 Bc5 8.
O-O d6 9. b4 Bb6 10. h3 O-O 11. Nbd2 a6 12. Bd3 h6 13. Be3 Bxe3 14. fxe3 Be6
15. a3 d5 16. Qe2 Qe8 17. exd5 Bxd5 18. c4 Bf7 19. Ne4 Bh5 20. Qc2 Qe7 21. Nfd2
Nxe4 22. Nxe4 Rxf1+ 23. Rxf1 Rf8 24. Rxf8+ Qxf8 25. Ng3 Bf7 26. Bh7+ Kh8 27.
Be4 Qd6 28. Kh2 Nd8 29. c5 Qe6 30. Qd1 Nc6 31. Qf3 Kg8 32. Ne2 Qc4 33. Qf5 g6
34. Qc8+ Kg7 35. Ng3 h5 36. Qxb7 h4 37. Qxc6 hxg3+ 38. Kxg3 Qc3 39. Kf3 Qxa3
40. Qxc7 Qa1 41. c6 g5 42. Qe7 1-0